=LDR 00000nam 2200000 4500 =001 INLIS000000000012666 =005 20130612104149 =008 ***********************************Ind** =035 ##$$0010-061300000012666 =041 ##$$a Ind =082 ##$$a 616.079 =090 ##$$a 616.079, Roi p =100 ##$$a Roil, Ivan M =245 ##$$a Pokok-pokok Ilmu Kekebalan, Ivan M Roil =260 ##$$a 1990 $b Jakarta =300 ##$$a 361 hlm., Ilus, 21 cm =650 ##$$a Ilmu kekebalan =850 ##$$a NBPNMAT